00984nam a2200241 a 450000100100000000500170001000800410002704000250006808200200009310000340011324501170014726000470026430000350031159000260034665000500037265000400042265000450046270000330050770000300054091000370057095201180060799900170072500003115120200930062733.0110614s2006 dr a 000 0 spa d aDO-SdBNPbspacBNPHU a759.97293bO49t1 aOlivo, Hilario,d1959-95438710aTerritorio paralelo :bcatálogo /cHilario Olivo; textos María Elena Ditren; traducción Dió-Genes Abreu. a[Santo Domingo] :bAmigo del Hogar,c2006. a35 p. :bil., retrs. ;c28 cm. aInventariado, 2018/LP 4aArte dominicanoySIGLO XXxCatálogos957626 4aPintura dominicanaySIGLO XX923234 4aPintores dominicanosxCatálogos9576271 aDitren, María Elena9576281 aAbreu, Dió-Genes925691 aValidado. Control de calidad EMS 0010718PDaPDbPDcHDd2011-06-14iLF1l0o759.97293 O49tp31151-10r2020-06-25w2020-06-25yLFPDZNo se presta c30643d30643